000 05771cam a22018494i 4500
003 PE-LiUPU
005 20250813165503.0
008 171204s2016 sp a r 001 0 spa d
020 _a8416781907
020 _a9788416781904
035 _a(Sirsi) a240256
040 _aPE-LiUPU
_bspa
_cPE-LiUPU
_erda
041 1 _aspa
_heng
049 _aPRUA
082 0 4 _a617.96
_bM2
_220
245 0 0 _aManual de procedimientos de anestesia clínica del massachusetts general hospital /
_cSenior editor, Richard M. Pino.
246 3 _aProcedimientos de anestesia clínica del Hospital General de Massachusetts.
250 _a9.a edición.
264 1 _aBarcelona :
_bWolters Kluwer,
_c2016.
300 _axxiv, 741 páginas :
_bilustraciones ;
_c21 centímetros
336 _atext
_2rdacontent
337 _aunmediated
_2rdamedia
338 _avolume
_2rdacarrier
504 _aIndice : páginas 697-741.
505 0 _aEvaluación del paciente antes de la anestesia -- Evaluación del paciente antes de la anestesia -- Consideraciones específicas en caso de cardiopatía -- Consideraciones específicas en caso de neumopatía -- Consideraciones específicas en caso de hepatopatía -- Consideraciones específicas en caso de enfermedad endocrina -- Administración de anestesia -- Seguirdad en anestesia -- La máquina de anestesia -- Monitorización -- Monitorización de los estados cerebrales anestésicos -- Anestésicos intravenosos e inhalados -- Bloqueo neuromuscular -- Evaluación y manejo de la vía aérea -- Administración de la anestesia general -- Anestésicos locales -- Anestesia espinal, epidural y caudal -- Anestesia regional -- Problemas intranestésicos -- Control hemodinámico perioperatorio -- Anestesia para cirugía abdominal -- Anestesia para cirugía torácica -- Anestesia para cirugía vascular -- Anestesia para cirugía cardiaca -- Anestesia para neurocirugía -- Anestesia para cirugía de cabeza y cuello -- Anestesia para cirugía espinal -- Anestesia para cirugía urológica -- Anestesia para pacientes geriátricos -- Cuidados del neonato -- Anestesia para cirugía pediátrica -- Anestesia para ginecología y obstetricia -- Anestesia fuera del quirófano -- Anestesia para traumatología y quemaduras -- Terapia transfusional -- Aspectos perioperatorios -- La unidad de cuidados posanestésicos -- Complicaciones pulmonares porquirúrgicas -- Reanimación neonatal, pediátrica y adulta -- Manejo del dolor -- Medicina complementaria y alternativa -- Apectos éticos ya considerar al final de la vida.
526 _aP203
526 _aP200
526 _aSEG65
526 _aSEG64
526 _aSEG63
526 _aSEG62
526 _aSEG61
526 _aSEG60
526 _aSEG59
526 _aSEG58
526 _aSEG57
526 _aSEG56
526 _aSEG55
526 _aSEG54
526 _aSEG53
526 _aSEG52
526 _aSEG51
526 _aSEG50
526 _aSEG49
526 _aSEG48
526 _aSEG47
526 _aSEG46
526 _aSEG24
526 _aSEG23
526 _aSEG22
526 _aSEG21
526 _aSEG20
526 _aSEG19
526 _aSEG18
526 _aSEG17
526 _aSEG16
526 _aSEG14
526 _aSEG13
526 _aSEG12
526 _aSEG11
526 _aSEG10
526 _aSEG09
526 _aSEG06
526 _aSEG05
526 _aSEG04
526 _aSEG03
526 _aSEG02
526 _aSEG68
526 _aSEG66
526 _aSEG45
526 _aSEG25
526 _aSEG01
526 _aP163
526 _aP162
526 _aP161
526 _aP160
526 _aP159
526 _aP158
526 _aP157
526 _aP156
526 _aP155
526 _aP154
526 _aP153
526 _aP152
526 _aP151
526 _aP150
526 _aP149
526 _aP142
526 _aP141
526 _aP140
526 _aP139
526 _aP138
526 _aP137
526 _aP132
526 _aP131
526 _aP130
526 _aP126
526 _aP125
526 _aP124
526 _aP123
526 _aP115
526 _aP122
526 _aP121
526 _aP116
526 _a P114
526 _aP112
526 _aP111
526 _aP104
526 _aP103
526 _aP102
526 _aP101
526 _aP100
526 _aP96
526 _aP95
526 _aP93
526 _aP92
526 _aP91
526 _aP88
526 _aP83
526 _aP82
526 _aP79
526 _aP78
526 _aP75
526 _aP74
526 _aP71
526 _aP69
526 _a P51
526 _aP49
526 _aP48
526 _aP47
526 _aP33
526 _aP31
526 _a P30
526 _aP29
526 _aP27
526 _aP26
526 _aP25
526 _aP24
526 _a P22
526 _aP10
526 _aP09
526 _a P08
526 _aP06
526 _aP05
526 _aP04
526 _aP01
526 8 _iPrograma académico:
_5PE-LiUPU
534 _pTítulo original :
_tHandbook of clinical anesthesia procedures of the Massachusetts General Hospital.
541 _g0001-000549;
650 0 4 _aAnestesiología.
650 0 4 _aAnesthesiology.
700 1 _aPino, Richard M.,
_eeditor.
910 _adbm
_bncf
_cncf
_d20171204
596 _a1
942 _2ddc
_cBOOK
999 _a617.96 M2
_wDEWEY
_c25920
_i77310
_d25920
_e2019-11-8
_f2021-11-4
_g4
_lCCODEBUL1
_mBUL
_n4
_p72.62
_q2
_r0
_sY
_tBOOK
_u2017-12-4
_xSALUD
_zP69
_0COMPRA
_o.STAFF. Colección Ciencias de la Salud
980 _81
_gALBERTO SANCHEZ Responsable de Automatización